Generál Augusto Pinochet a jeho role v chilských dějinách
Sedemnásťročná vláda čilského diktátora Pinocheta. Vláda porušovania ľudských práv. Plebiscit v roku 1990 a nástup civilnej vlády. Generál Pinochet verzus sudca Garzón. Podpora aj odpor verejnosti voči generálovi Pinochetovi. Pohreb bez najvyššej štátnej pocty.
Salvato in:
| Autore principale: | |
|---|---|
| Natura: | Capitolo di libro |
| Lingua: | ceco |
| Soggetti: | |
| Tags: |
Nessun Tag, puoi essere il primo ad aggiungerne!!
|
MARC
| LEADER | 00000naa$a2200000$$$4500 | ||
|---|---|---|---|
| 001 | 0054580 | ||
| 005 | 20231016092920.5 | ||
| 041 | 0 | |a cze | |
| 044 | |a CZ | ||
| 245 | 1 | 0 | |a Generál Augusto Pinochet a jeho role v chilských dějinách |c Jozef Špánik |
| 520 | |a Sedemnásťročná vláda čilského diktátora Pinocheta. Vláda porušovania ľudských práv. Plebiscit v roku 1990 a nástup civilnej vlády. Generál Pinochet verzus sudca Garzón. Podpora aj odpor verejnosti voči generálovi Pinochetovi. Pohreb bez najvyššej štátnej pocty. | ||
| 610 | 2 | 0 | |a politika vnútorná |
| 610 | 2 | 0 | |a diktatúra |
| 610 | 2 | 0 | |a vláda |
| 610 | 2 | 0 | |a práva ľudské |
| 610 | 2 | 0 | |a mienka verejná |
| 610 | 2 | 0 | |a reformy |
| 610 | 2 | 0 | |a Čile |
| 100 | 1 | |a Špánik, Jozef | |